|
|
|
|
| LEADER |
01208nam a2200301 a 4500 |
| 001 |
000093366 |
| 003 |
CZ BrMZK |
| 005 |
19950407143423.0 |
| 008 |
960707s1995 pl f pol d |
| 020 |
|
|
|a 83-86530-58-8
|
| 040 |
|
|
|a BOA001
|b cze
|
| 080 |
|
|
|a 614.253.8-053.2
|2 MRF
|
| 080 |
|
|
|a 616-006-053.2
|2 MRF
|
| 080 |
|
|
|a 649.8-053.2
|2 MRF
|
| 100 |
1 |
|
|a Pichler, Eva
|4 aut
|
| 245 |
1 |
0 |
|a Nasze dziecko ma nowotwór :
|b pokonać chorobę : poradnik dla rodziców dzieci chorych na białaczkę i inne choroby nowotworowe /
|c Eva Pichler, Renate Richter
|
| 250 |
|
|
|a 1. wyd.
|
| 260 |
|
|
|a Poznań :
|b Zysk i S-ka,
|c c1995
|
| 300 |
|
|
|a 188 s. :
|b il., čb. fot., tab. ;
|c 20 cm
|
| 653 |
0 |
|
|a děti
|a leukémie
|a nemocné děti
|a nádorová onemocnění
|a nádory
|
| 700 |
1 |
|
|a Richter, Renate
|4 aut
|
| 765 |
0 |
|
|t Unser Kind hat Krebs
|
| 910 |
|
|
|a BOA001
|b PK-0125.867
|
| 964 |
|
|
|a Děti
|x nádory
|x ošetřování
|x příručky pro rodiče
|
| 964 |
|
|
|a Děti nemocné leukémií
|x péče
|x příručky pro rodiče
|
| 964 |
|
|
|a Děti
|x nemoci nádorové
|x ošetřování
|x příručky pro rodiče
|
| 990 |
|
|
|a BK
|
| 996 |
7 |
|
|b 3119004970
|c PK-0125.867
|l MZK
|r Sklad / do 1 hodiny
|n 0
|p vým
|w 000093366
|u 000010
|a 1
|e BOA001
|j MZK50
|s A
|